00698 a2200181 4500003000400000005001700004008004100021040000900062082001500071100002100086245005000107260003500157300000900192942003600201952013100237952013100368999001700499OSt20240110142926.0240110b |||||||| |||| 00| 0 eng d coclc a297bAKB/A aAkbar, M M92026 aThe Authenticity Of Quran /bVol 1cM M Akbar aKerala:bNiche of truthc2002. a260p 2ddccBKh297iAKB/Ak297mAKB/A 00102ddc40708ISLAMaMESbMEScISLd2024-01-10l0o297 AKB/Ap44602r2024-01-10 14:30:06t2v150.00w2024-01-10yBKzGL48R2 00102ddc40708ISLAMaMESbMEScISLd2024-01-10l0o297 AKB/Ap44601r2024-01-10 14:30:06t1v150.00w2024-01-10yBKzGL48R2 c43067d43067